Contribución a la bibliografía española de Shakespeare : (Record no. 117926)

MARC details
000 -LEADER
campo de control de longitud fija 00892nam a2200241 i 4500
001 - NÚMERO DE CONTROL
campo de control 117926
003 - IDENTIFICADOR DE NÚMERO DE CONTROL
campo de control ES-MaACL
005 - FECHA Y HORA DE LA ÚLTIMA TRANSACCIÓN
campo de control 20250826063141.0
007 - CAMPO FIJO DE DESCRIPCIÓN FÍSICA--INFORMACIÓN GENERAL
campo de control de longitud fija t|
008 - DATOS DE LONGITUD FIJA--INFORMACIÓN GENERAL
campo de control de longitud fija 070214s1930 sp r ||||1| spa d
080 ## - NÚMERO DE LA CLASIFICACIÓN DECIMAL UNIVERSAL
Número de la Clasificación Decimal Universal 012 Shakespeare
100 1# - ENTRADA PRINCIPAL--NOMBRE DE PERSONA
Nombre de persona Par, Alfonso.
9 (RLIN) 88899
245 10 - MENCIÓN DEL TÍTULO
Título Contribución a la bibliografía española de Shakespeare :
Resto del título catálogo bibliográfico de la colección del autor /
Mención de responsabilidad, etc. Alfonso Par
260 ## - PUBLICACIÓN, DISTRIBUCIÓN, ETC.
Lugar de publicación, distribución, etc. Barcelona :
Nombre del editor, distribuidor, etc. Diputación Provincial de Barcelona,
Fecha de publicación, distribución, etc. 1930
300 ## - DESCRIPCIÓN FÍSICA
Extensión 136 p. ;
Dimensiones 17 cm.
490 1# - MENCIÓN DE SERIE
Mención de serie Instituto del teatro nacional ;
Designación de volumen o secuencia 7
600 14 - PUNTO DE ACCESO ADICIONAL DE MATERIA--NOMBRE DE PERSONA
Nombre de persona Shakespeare, William,
Fechas asociadas al nombre 1564-1616-
Subdivisión general Traducciones al español
9 (RLIN) 105996
710 00 - ENTRADA AGREGADA--NOMBRE DE ENTIDAD CORPORATIVA
Nombre de entidad corporativa o nombre de jurisdicción como elemento de entrada Barcelona (Provincia).
Unidad subordinada Diputación Provincial.
9 (RLIN) 2148
830 00 - PUNTO DE ACCESO ADICIONAL DE SERIE-TÍTULO UNIFORME
Título uniforme Publicaciones del Instituto del Teatro Nacional
Designación de volumen o secuencia 7
9 (RLIN) 187523
852 ## - LOCALIZACIÓN
Ubicación ES-MaACL
Número de control de estantería C-8531
942 ## - ELEMENTOS DE ENTRADA SECUNDARIOS (KOHA)
Fuente del sistema de clasificación o colocación Clasificación decimal universal
Holdings
Estatus retirado Estado de pérdida Estado de daño No para préstamo Biblioteca de origen Biblioteca actual Ubicación en estantería Fecha de adquisición Fuente de adquisición Total de préstamos Signatura topográfica completa Código de barras Visto por última vez Precio de reemplazo Tipo de ítem Koha
        Biblioteca del Ateneo de Madrid Biblioteca del Ateneo de Madrid Sala Palomar 17/01/2008     C-8531 1122941 23/02/2023 23/02/2023 Libro impreso